000 00372nam a22001457a 4500
999 _c8946
_d8946
003 OSt
008 200714b ||||| |||| 00| 0 eng d
100 _aAggarwal , S.P. & Khanna
245 _aPharmaceutics
250 _a2020
260 _aNew Delhi
_bBirla Publication
300 _aPg-279
650 _aPharmaceutics (Dispensing and General Pharmacy
942 _2ddc
_cBK
_05